LEADER 01301nam a22002771i 4500 001 991001641509707536 005 20031128191954.0 008 040407s1985 it |||||||||||||||||ita 020 $a8842026603 035 $ab12801458-39ule_inst 035 $aARCHE-078108$9ExL 040 $aDip.to Scienze Storiche$bita$cA.t.i. Arché s.c.r.l. Pandora Sicilia s.r.l. 082 04$a945.084 245 00$aFrancesco Saverio Nitti :$bmeridionalismo e europeismo : atti del convegno di Potenza 27-28 settembre 1984 /$cFrancesco Barbagallo ... [et al.] ; [a cura dell'Associazione Nazionale per gli interessi del Mezzogiorno d'Italia] 260 $aRoma ;$aBari :$bLaterza,$c1985 300 $aVIII, 260 p. ;$c21 cm 440 0$aCollezione di studi meridionali 600 14$aNitti, Francesco Saverio$xCongressi$zPotenza$y1984 700 1 $aBarbagallo, Francesco$eauthor$4http://id.loc.gov/vocabulary/relators/aut$0445672 710 2 $aAssociazione nazionale per gli interessi del Mezzogiorno d'Italia 907 $a.b12801458$b02-04-14$c16-04-04 912 $a991001641509707536 945 $aLE009 STOR.68-50$g1$i2009000224506$lle009$o-$pE0.00$q-$rl$s- $t0$u1$v0$w1$x0$y.i13348619$z16-04-04 996 $aFrancesco S. Nitti$9219202 997 $aUNISALENTO 998 $ale009$b16-04-04$cm$da $e-$fita$git $h0$i1 LEADER 01091nam0 22002771i 450 001 UON00522494 005 20240304062025.365 100 $a20240129d1988 |0itac50 ba 101 $aita 102 $aIT 105 $a|||| ||||| 200 1 $aRipensare il socialismo$ela ricerca di Lelio Basso$f[catalogo a cura di Enzo Collotti] 210 $aMilano$cMazzotta$d[1988] 215 $a132 p.$cill.$d24 cm 316 $aDonazione prof.ssa Amalia Signorelli$5IT-UONSI F. Signorelli6 U2619 606 $aESPOSIZIONI$3UONC047498$2FI 620 $aIT$dMilano$3UONL000005 676 $a320.351$cSocialismo$v21 700 1$aCollotti$bEnzo$3UONV078653$0133884 712 $aMazzotta$3UONV249653$4650 801 $aIT$bSOL$c20250228$gRICA 899 $aSIBA - SISTEMA BIBLIOTECARIO DI ATENEO$2UONSI 912 $aUON00522494 950 $aSIBA - SISTEMA BIBLIOTECARIO DI ATENEO$dSI F. Signore6 U 2619 $eSI 50113 5 Donazione prof.ssa Amalia Signorelli 996 $aRipensare il socialismo$9823263 997 $aUNIOR